Декабристы-ярославцы / (Record no. 349981)
[ view plain ]
| 000 -LEADER | |
|---|---|
| fixed length control field | 00822nam a2200205 a 4500 |
| 001 - CONTROL NUMBER | |
| control field | 001081861 |
| 003 - CONTROL NUMBER IDENTIFIER | |
| control field | AM-YeHGA |
| 005 - DATE AND TIME OF LATEST TRANSACTION | |
| control field | 20250617151358.0 |
| 008 - FIXED-LENGTH DATA ELEMENTS--GENERAL INFORMATION | |
| fixed length control field | 150526s1975 ||| r 000 0 rus d |
| 040 ## - CATALOGING SOURCE | |
| Original cataloging agency | AM-YeHGA |
| 041 0# - LANGUAGE CODE | |
| Language code of text/sound track or separate title | rus |
| 090 ## - LOCALLY ASSIGNED LC-TYPE CALL NUMBER (OCLC); LOCAL CALL NUMBER (RLIN) | |
| -- | 351793 |
| 100 1# - MAIN ENTRY--PERSONAL NAME | |
| Personal name | Ляхов, Вениамин Акимович |
| 245 10 - TITLE STATEMENT | |
| Title | Декабристы-ярославцы / |
| Statement of responsibility, etc. | В.А. Ляхов, Л.А. Коча ; Всерос. о-во охраны памятников истории и культуры, Яросл. обл. отд-ние. |
| 260 ## - PUBLICATION, DISTRIBUTION, ETC. | |
| Place of publication, distribution, etc. | Ярославль : |
| Name of publisher, distributor, etc. | Верх.-Волж. кн. изд-во, |
| Date of publication, distribution, etc. | 1975. |
| 300 ## - PHYSICAL DESCRIPTION | |
| Extent | 136 с. : |
| Other physical details | ил. |
| 500 ## - GENERAL NOTE | |
| General note | К 150-летию декабристов |
| 653 0# - INDEX TERM--UNCONTROLLED | |
| Uncontrolled term | Декабристы в Ярославской губернии |
| 700 1# - ADDED ENTRY--PERSONAL NAME | |
| Personal name | Коча, Л.А. |
| Withdrawn status | Lost status | Source of classification or shelving scheme | Damaged status | Not for loan | Collection | Home library | Current library | Date acquired | Total checkouts | Full call number | Barcode | Date last seen | Price effective from | Koha item type | Public note |
|---|---|---|---|---|---|---|---|---|---|---|---|---|---|---|---|
| Universal Decimal Classification | General | Fundamental Scientific Library | Fundamental Scientific Library | 11/01/2017 | PII/370126 | FL0340437 | 11/01/2017 | 11/01/2017 | Գրքեր / Books | 30 Days Loan |
ՀՀ Գիտությունների ազգային ակադեմիայի հիմնարար գիտական գրադարան = Fundamental Scientific Library of NAS RA
All site content, except where otherwise noted, is licensed under a